000 01311nam a2200229 i 4500
001 39649
003 ES-MaACL
005 20250725093848.0
007 t|
008 030303q1869 sp ||||1| spa d
100 1 _aCánovas del Castillo, Antonio,
_d1828-1897
_934600
245 1 0 _aDiscursos parlamentarios 1867-1869 /
_cAntonio Cánovas del Castillo.
260 _aMadrid :
_b[s.n.,
_c1869] (
_fDiego Valero)
300 _a1 v.
505 8 _aContiene: Discurso pronunciado en la sesión del Congreso el día 11 de abril de 1867 ; Discurso pronunciado en la sesión del Congreso el día 5 de junio de 1867 ; Discurso pronunciado en la sesión del Congreso el día 15 de junio de 1867 contra el proyecto de reglamento ; Discurso pronunciado en la sesión del Congreso el día 3 de julio de 1867 en contra del proyecto de arreglo de las deudas ; Discurso pronunciado en la sesión del día 8 de abril de 1869 de las Cortes Constituyentes sobre el proyecto de Constitución
651 7 _aEspaña-
_xPolítica y gobierno-
_y1843-1868
_2
_9168642
651 4 _aEspaña-
_xPolítica y gobierno-
_y1868-1874.
_9174889
710 1 _aEspaña.
_bCortes Generales.
_bCongreso.
_93671
710 1 _aEspaña.
_bCortes Constituyentes (1869-1871)
_9172720
852 4 _aES-MaACL
_jF-12907
999 _c39649
_d39649